MARC

LEADER 00000nam0a2200000 4500
001 263848
005 20231101233758.0
035 |a (RuTPU)RU\TPU\book\286838 
090 |a 263848 
100 |a 20140611d1988 k y0rusy50 ca 
101 0 |a rus 
102 |a RU 
105 |a y z 001zy 
200 1 |a Методика создания шахтных видеоконтрольных устройств  |f И. Л. Гейхман  |g Академия наук СССР (АН СССР), Институт горного дела им. А. А. Скочинского (ИГД) 
210 |a Москва  |c Изд-во ИГД  |d 1988 
215 |a 83 с. 
320 |a Библиогр.: с. 81-82. 
606 1 |a Горные предприятия  |x Автоматизация  |2 stltpush  |3 (RuTPU)RU\TPU\subj\8178  |9 35653 
610 1 |a видеоконтрольные устройства 
610 1 |a шахтные установки 
610 1 |a создание 
610 1 |a наблюдения 
610 1 |a визуализация 
610 1 |a математическая модель 
610 1 |a передающие камеры 
675 |a 622.012:65.011.5  |v 3 
700 1 |a Гейхман  |b И. Л. 
712 0 2 |a Академия наук СССР (АН СССР)  |b Институт горного дела им. А. А. Скочинского (ИГД)  |c (Люберцы)  |2 stltpush  |3 (RuTPU)RU\TPU\col\11351 
801 1 |a RU  |b 63413507  |c 20140611 
801 2 |a RU  |b 63413507  |c 20150415  |g RCR 
942 |c BK